| 000 | 00621nam a2200205 i 4500 | ||
|---|---|---|---|
| 001 | 95393 | ||
| 003 | ES-MaACL | ||
| 005 | 20250822063141.0 | ||
| 007 | t| | ||
| 008 | 050527m19551956sp ||||1| cat d | ||
| 100 | 1 |
_aLladonosa i Pujol, Josep, _d1907-1990 _972657 |
|
| 245 | 1 | 3 |
_aLa ciutat de Lleida / _cJosep Lladonosa. |
| 260 |
_aBarcelona : _bBarcino, _c1955-56. |
||
| 300 |
_a2 v., 61 lám. : _b1 gráf. pleg. ; _c19 cm. |
||
| 490 | 1 | _aEnciclopedia Catalunya | |
| 651 | 4 |
_aLérida- _xHistoria. _9168306 |
|
| 830 | 0 |
_aEnciclopedia Catalunya _9184362 |
|
| 852 |
_aES-MaACL _jP-861 |
||
| 999 |
_c95393 _d95393 |
||